000 00874nam a22002057a 4500
001 9825
003 FISKH
005 20260303085727.0
008 260303b cb ||||| |||| 00| 0 eng d
020 _a8849306330037
040 _aFISKH
_beng
_cFISKH
_dFISKH
082 _a959.6043
100 _aAnonymous
245 _aContemporary world Cambodia /
_cBy A Co-publication of the Youth House for Cambodai-China Friendship and China Comptemporaty World Magazine
260 _aPhnom Penh :
_bYouth House for Cambodia- China Friendship ,
_c2024.
300 _a48 pages :
_bcolor illustrations ;
_c27 cm .
520 _aThe Handbook of Contemporary Cambodia is a comprehensive interdisciplinary collection that explains how Cambodia has developed socially, politically, and economically in the early 21st century. The book is divided
942 _2ddc
_cBK
_n0
999 _c9825
_d9825